000 00196nam a2200097 4500
082 _aBHA
100 _aBhasia, P.L
245 _aQuantity Surveying
260 _aDelhi:
_bS. Chand,
_c1990.
942 _cBK
999 _c9349
_d9349